Statystyki dla Rozpoznaj kraj po kształcie wyspy, która do niego należy.

Kliknij tutaj aby rozwiązać quiz!

Ogólne statystyki

  • Ten quiz został rozwiązany 39 razy
  • Średni wynik to 6 z 12

Statystyki odpowiedzi

Odpowiedź% Poprawnych
Japonia
77%
Kanada
68%
Nowa Zelandia
68%
Filipiny
61%
Indonezja
61%
Włochy
55%
Francja
52%
Grecja
48%
Australia
45%
Stany Zjednoczone
29%
Kanada
19%
Stany Zjednoczone
16%

Rozkład punktacji

Percentyl według liczby udzielonych odpowiedzi

Procent ludzi z każdym wynikiem

Twoja historia wyników

Nie rozwiązałeś tego quizu